Návrh teplovodného podlahového vykurovania pre domov sociálnych služieb

Guardado en:
Detalles Bibliográficos
Autor principal: Teplanová, Laura (Autor)
Otros Autores: Petráš, Dušan (Orientador)
Formato: Manuscrito Libro
Lenguaje:eslovaco
Publicado: 2025
Materias:
Acceso en línea:http://is.stuba.sk/zp/portal_zp.pl?podrobnosti=184706
CRZP
Etiquetas: Agregar Etiqueta
Sin Etiquetas, Sea el primero en etiquetar este registro!

MARC

LEADER 00000ntm a22000003a 4500
001 stuzp105651
003 SK-STU
005 20250801111621.5
007 ta
008 150427s2015----xo-----f-mn---000-0-slo-d
040 |a STU  |b slo 
041 0 |a slo 
100 1 |a Teplanová, Laura  |u 010290  |4 aut  |U SvF Stavebná fakulta  |T SvF Katedra technických zariadení budov  |X 103598  |U V290  |Y 31  |7 103598 
242 0 1 |a Design of water based floor heating for senior hauses  |y eng 
245 1 0 |a Návrh teplovodného podlahového vykurovania pre domov sociálnych služieb 
260 |c 2025 
650 4 |a renewable energy source  |2 eng 
650 4 |a large-scale low-temperature underfloor heating  |2 eng 
650 4 |a social services home  |2 eng 
650 4 |a air/water heat pump  |2 eng 
650 4 |a domov sociálnych služieb  |2 slo 
650 4 |a tepelné čerpadlo vzduch / voda  |2 slo 
650 4 |a veľkoplošné nízkoteplotné podlahové vykurovanie  |2 slo 
650 4 |a obnoviteľný zdroj energie  |2 slo 
700 1 |a Petráš, Dušan  |u 010290  |k Z1  |4 ths  |U SvF Stavebná fakulta  |T SvF Katedra technických zariadení budov  |X 749  |U V290  |Y 31  |7 A000000749 
856 4 |u http://is.stuba.sk/zp/portal_zp.pl?podrobnosti=184706 
856 4 |u https://opac.crzp.sk/?fn=detailBiblioForm&sid=809C367C54749DCAA145ABFF7E5A  |z CRZP